000 00617nam a2200133Ia 4500
008 171212s9999 xx 000 0 und d
020 _a9781921313448
245 _ceditor Macfarlane, Ingereth;Hannah, Mark
_aTransgressions
_bCritical Australian Indigenous histories
260 _bANU E Press
_c2007
440 _aAboriginal History Monographs
650 _aIndigenous peoples -- Australia -- History; Aboriginal Australians, Treatment of -- History; Colonies in literature; Australia -- Colonization -- History; Australia -- Historiography
650 _aSociology
856 _uwww.jstor.org/stable/10.2307/j.ctt24hfb0
999 _c351405
_d351405